Expositions et culture coloniale (notice n° 1084)
[ vue normale ]
| 000 -Label | |
|---|---|
| leader | 02922cam a2200385 i 4500 |
| 010 ## - ISBN | |
| ISBN | 978-2-9561185-1-0 |
| 099 ## - Informations locales | |
| Type de document | Livre |
| 100 ## - Données générales de traitement | |
| a | 20230613 frey50 |
| 101 0# - Langue | |
| langue document | français |
| 200 ## - Titre | |
| titre propre | Expositions et culture coloniale |
| sous-titre | les arts en Tunisie sous le Protectorat |
| auteur | Laurent Houssais |
| -- | Dominique Jarrassé |
| type de document | Livre |
| 210 ## - Editeur | |
| lieu de publication | Éditions Ésthetiques du divers |
| date de publication | 2020 |
| 215 ## - Description | |
| Importance matérielle | 1 vol. (302 p.) |
| 330 ## - Résumé | |
| Résumé | La 4e de couv. porte : "Faisant suite à «Nos artistes aux colonies ? ». Sociétés, expositions et revues dans l'Empire français 1851-1940, ce volume poursuit l'étude des arts coloniaux en se concentrant sur un pays, la Tunisie. Ce champ d'étude favorise une approche élargie des arts, tant beaux-arts qu'artisanat ou «arts indigènes », en contexte colonial. Entre 1881 et 1956 se construit progressivement un système colonial des arts qui repose sur trois piliers principaux : le Salon tunisien, dont l'histoire s'échelonne de 1894 à 1984, l'École des beaux-arts de Tunis, créée en 1923, l'Office des arts tunisiens, qui entendait sauvegarder et promouvoir l'artisanat. En revanche, aucun musée des beaux-arts qui eût complété le musée du Bardo consacré à l'archéologie et aux arts arabes, n'a été mis en place et cette lacune se fait sentir encore aujourd'hui. L'originalité de la situation tunisienne tient enfin à l'apparition, dès les années 1930, d'artistes qui, sans discrimination, élaborent une scène artistique originale, incarnée par la fameuse « École de Tunis », dont le dynamisme perdure après l'indépendance. Ce livre engage, sur la base d'un important travail documentaire, une réflexion sur la fabrication d'une image de la Tunisie à travers les expositions comme sur son identité plurielle. Nourri d'une démarche historiographique critique, il contribue à la nécessaire réécriture d'une histoire de l'art en Tunisie, encore très lacunaire." |
| 606 ## - sujets | |
| sujet | Exhibitions |
| koha internal code | 4378 |
| 606 ## - sujets | |
| sujet | Tunisia |
| koha internal code | 4379 |
| 606 ## - sujets | |
| sujet | Africa |
| koha internal code | 4380 |
| 606 ## - sujets | |
| sujet | Conference papers and proceedings |
| koha internal code | 4381 |
| 606 ## - sujets | |
| sujet | History |
| koha internal code | 4382 |
| 606 ## - sujets | |
| sujet | 1800-1999 |
| koha internal code | 4383 |
| 606 ## - sujets | |
| sujet | Art tunisien 19e siècle Congrès |
| koha internal code | 4384 |
| 606 ## - sujets | |
| sujet | Art tunisien 20e siècle Congrès |
| koha internal code | 4385 |
| 606 ## - sujets | |
| sujet | Art, Tunisian |
| koha internal code | 4386 |
| 606 ## - sujets | |
| sujet | Art, Tunisian 19th century Congresses |
| koha internal code | 4387 |
| 606 ## - sujets | |
| sujet | Art, Tunisian 20th century Congresses |
| koha internal code | 4388 |
| 606 ## - sujets | |
| sujet | Cultural policy |
| koha internal code | 4389 |
| 606 ## - sujets | |
| sujet | Exhibitions Tunisia History Congresses |
| koha internal code | 4390 |
| 606 ## - sujets | |
| sujet | France Colonies Africa Cultural policy Congresses |
| koha internal code | 4391 |
| 606 ## - sujets | |
| sujet | French colonies |
| koha internal code | 4392 |
| 606 ## - sujets | |
| sujet | Tunisia History French occupation, 1881-1956 Congresses |
| koha internal code | 4393 |
| 606 ## - sujets | |
| sujet | Tunisie Histoire 1881-1956 (Occupation française) Congrès |
| koha internal code | 4394 |
| 700 ## - Auteur | |
| auteur | Houssais |
| prénom | Laurent |
| code de fonction | Auteur |
| koha internal code | 4395 |
| 700 ## - Auteur | |
| auteur | Jarrassé |
| prénom | Dominique |
| code de fonction | Auteur |
| koha internal code | 3115 |
| 801 ## - source de catalogage | |
| pays | TN |
| agence de catalogage | 32bis |
| date de la transaction | 20230514 |
| règles de catalogage utilisées | UNIMARC |
| Propriétaire | Dépositaire | Localisation | Code barre | Numéro Inventaire | Cote | Statut | Note |
|---|---|---|---|---|---|---|---|
| The 32bis Library | The 32bis Library | Salle de lecture 32BIS | 001081 | 1084 | 709 EXP (1) | Consultable sur place | |
| The 32bis Library | The 32bis Library | Magasin | 005838 | 5666 | 709 EXP (2) | Consultable sur place | Dépôt MAB |